000
003080000a22001450004500
003
MACL
040
_a
MACL
090
_c
48996
_d
48994
100
_a
Hussain,Meher Fatima
245
_a
Syed Zahoor Qasim
260
_a
New Delhi
_b
Manak
_c
2011
350
_a
550
650
_a
Biography
942
_c
BOOK
_k
920/HUS
999
_c
48475
_d
48475